Curso de filosofía positiva: primera y segunda lecciones

Guardat en:
Dades bibliogràfiques
Autor principal: Comte, Auguste (Autor)
Format: Llibre
Idioma:espanyol
Publicat: Buenos Aires Aguilar 1981
Edició:2a. ed
Col·lecció:Iniciación Filosófica, 124
Matèries:
Etiquetes: Afegir etiqueta
Sense etiquetes, Sigues el primer a etiquetar aquest registre!

MARC

LEADER 00000cam a2200000 a 4500
001 UCD4458
003 CL-VaPUC
008 160708e19810000ag |||||||||||||||||spa|d
020 |a 8403521448 
082 0 4 |a 146.4  |b COM  |2 21 
100 |a Comte, Auguste  |e author  |9 334591 
245 1 0 |a Curso de filosofía positiva: primera y segunda lecciones 
250 |a 2a. ed 
300 |a 113 p 
942 |c BK 
945 |d 20160708 23:22:00  |a arojas 
260 |a Buenos Aires  |b Aguilar  |c 1981 
650 0 |a Positivismo  |9 269460 
650 7 |a LECCIONES  |2 CL-VaPUC  |9 351131 
583 |a last modification  |c 20160708 23:22:00  |k Rodrigo Vera 
490 0 |a Iniciación Filosófica, 124 
999 |c 365356  |d 365354 
952 |0 0  |1 0  |3 erb  |4 0  |6 146_400000000000000_COM_1981  |7 0  |8 A  |9 479173  |a FDOHBE  |b FDOHBE  |e Huesbe Llanos, Marco Antonio, 1934-  |i 5306507  |o 146.4 COM 1981  |p 5306507  |r 2024-01-30  |w 2019-11-24  |y BK  |z Catalogado en:20160708  |k HBE